| 000 | 00350nam a2200145Ia 4500 | ||
|---|---|---|---|
| 999 |
_c16833 _d16833 |
||
| 082 | _aTK.0025 | ||
| 100 | _aKulkarni, Vasant Vishnu | ||
| 245 | 0 | _aMarathitil- Koshvangmai | |
| 260 |
_c1976 _bNagpur University |
||
| 300 | _a946p. | ||
| 650 | _aREFERENCE BOOKS, MARATHI | ||
| 710 | _aShridhar Pandit | ||
| 710 | _aBhawani Shankar | ||
| 942 |
_cTH _2ddc |
||